50 Shades of Khaki Quiz Stats

 Plays Quiz not verified by Sporcle

Challenge
Share
Tweet
Score 0/17 Timer 04:00
0 Plays Today
% Correct
Button
89.6%
Front Thigh Cloth
89.6%
Shin Cloth
89.6%
Back Pockets
87.5%
Back Knee Cloth
87.5%
Fly
83.3%
Back Thigh Cloth
79.2%
Front Knee Cloth
79.2%
Inside Side Stitching
77.1%
% Correct
Belt Loops
75%
Butt Stitching
75%
Outside Side Stitching
72.9%
Side Pockets
70.8%
Calf Cloth
70.8%
Ankle Stitching
60.4%
Crotch Stitching
56.3%
Waist Stitching
54.2%

You're not logged in!

Compare scores with friends on all Sporcle quizzes.
Join for Free
OR
Log In

You Might Also Like...

Show Comments

Extras

Created Aug 6, 2016ReportFavoriteNominate
Tags:different, pant, shade

Top Quizzes Today


Score Distribution

Your Account Isn't Verified!

In order to create a playlist on Sporcle, you need to verify the email address you used during registration. Go to your Sporcle Settings to finish the process.

Report this User

Report this user for behavior that violates our Community Guidelines.

Details: